Sports Quiz

Random Sports or Baseball Quiz

Athletes who wore #6 Quiz Stats

 Plays Quiz not verified by Sporcle

Challenge
Share
Tweet
Embed
Score 0/25 Timer 07:00
0 Plays Today
Primary Team Player % Correct
Philiadelphia 76ersJulius Erving
68.4%
USA basketballLebron James
67.1%
Denver BroncosJay Cutler
67.1%
New York JetsMark Sanchez
63.2%
Boston CelticsBill Russell
59.2%
Philadelphia PhilliesRyan Howard
57.9%
St. Louis CardinalsStan Musial
55.3%
Detroit TigersAl Kaline
51.3%
Florida MarlinsDan Uggla
42.1%
San Antonio SpursAvery Johnson
32.9%
Milwaukee BucksAndrew Bogut
31.6%
Los Angeles DodgersSteve Garvey
27.6%
Minnesota TwinsTony Oliva
23.7%
Primary Team Player % Correct
Boston Red SoxJohnny Pesky
19.7%
Michigan footballTom Harmon
18.4%
Phoenix SunsWalter Davis
15.8%
Miami DolphinsPat White
13.2%
England soccerJohn Terry
13.2%
Spain soccerAndres Iniesta
11.8%
FC BarcelonaXavi
11.8%
Kansas City ChiefsRyan Succop
7.9%
Denver NuggetsArron Afflalo
6.6%
Toronto Maple LeafsAce Bailey
3.9%
Detroit Red WingsLarry Aurie
2.6%
Kansas City ChiefsWarren McVea
2.6%

You're not logged in!

Compare scores with friends on all Sporcle quizzes.
Join for Free
OR
Log In

You Might Also Like...

Show Comments

Extras

Top Quizzes Today


Score Distribution

Your Account Isn't Verified!

In order to create a playlist on Sporcle, you need to verify the email address you used during registration. Go to your Sporcle Settings to finish the process.

Report this User

Report this user for behavior that violates our Community Guidelines.

Details: